Statistics for Eurobasket - Top 4 teams - Men

Click here to take the quiz!

General Stats

  • This quiz has been taken 335 times
  • The average score is 20 of 24

Answer Stats

Answer% Correct
Spain
100%
France
99%
Germany
98%
Greece
97%
Serbia
97%
Russia
96%
Slovenia
96%
Italy
95%
Lithuania
95%
Soviet Union
95%
Yugoslavia
95%
Croatia
94%
Turkey
90%
Latvia
88%
Poland
85%
Czechoslovakia
82%
Hungary
78%
Bulgaria
76%
Netherlands
76%
Belgium
74%
FYROM
60%
Switzerland
59%
Egypt
56%
Israel
55%

Score Distribution

Percentile by Number Answered

Percent of People with Each Score

Your Score History

You have not taken this quiz